5HLuxD.jpg

KING HENRY VIII SENIOR AND PRIMARY SCHOOL LIBRARY OPAC

The Funny Thing About Love / (Record no. 5734)

000 -LEADER
fixed length control field 01235nam a22002297a 4500
003 - CONTROL NUMBER IDENTIFIER
control field OSt
005 - DATE AND TIME OF LATEST TRANSACTION
control field 20251027124333.0
008 - FIXED-LENGTH DATA ELEMENTS--GENERAL INFORMATION
fixed length control field 251027b ||||| |||| 00| 0 eng d
020 ## - INTERNATIONAL STANDARD BOOK NUMBER
International Standard Book Number 9781471414992
040 ## - CATALOGING SOURCE
Transcribing agency KH8
082 ## - DEWEY DECIMAL CLASSIFICATION NUMBER
Classification number FIC ELL
100 ## - MAIN ENTRY--PERSONAL NAME
Personal name Ellen, Tom,
Relator term author.
245 ## - TITLE STATEMENT
Title The Funny Thing About Love /
Statement of responsibility, etc. Tom Ellen.
260 ## - PUBLICATION, DISTRIBUTION, ETC.
Place of publication, distribution, etc. Sweden ;
Name of publisher, distributor, etc. Hot Key Books ,
Date of publication, distribution, etc. 2024.
300 ## - PHYSICAL DESCRIPTION
Extent 355 pages :
Dimensions 20 cm.
520 ## - SUMMARY, ETC.
Summary, etc. After months of failing to land a job, Nell has snagged a highly sought-after internship writing for her favourite comedy sketch show. Even better? Everyone knows there's a guaranteed job at the end if you prove yourself.<br/>But the cut-throat world of television is no laughing matter, and Nell hasn't banked on there being another intern to compete against. Especially one like charlie, who is infuriatingly good-looking and only there because his father's the chief exec.<br/>With the odds stacked against her, Nell vows to do everything she can to out-perfoem him. But as she gets to know Charlie, she discovers there's more to her workplace rival than meets the eye...
650 ## - SUBJECT ADDED ENTRY--TOPICAL TERM
Topical term or geographic name entry element love story
Form subdivision fiction book
650 ## - SUBJECT ADDED ENTRY--TOPICAL TERM
Topical term or geographic name entry element romantic comedy
650 ## - SUBJECT ADDED ENTRY--TOPICAL TERM
Topical term or geographic name entry element romantic
650 ## - SUBJECT ADDED ENTRY--TOPICAL TERM
Topical term or geographic name entry element comedy
942 ## - ADDED ENTRY ELEMENTS (KOHA)
Source of classification or shelving scheme
Koha item type Books - Fiction
Holdings
Withdrawn status Lost status Source of classification or shelving scheme Damaged status Not for loan Collection code Permanent Location Current Location Shelving location Date acquired Full call number Barcode Date last seen Price effective from Koha item type
          Fiction KH8 Senior School Library KH8 Senior School Library Fiction 2025-10-27 FIC ELL 3KHSL000102468 2025-10-27 2025-10-27 Books - Fiction

Powered By KH8 IT Dept